Actas de derecho industrial y derecho de autor. Tomo XXVIII (2007)

Detalles Bibliográficos
Autor Corporativo: Universidad de Santiago de Compostela. Instituto de Derecho Industrial
Formato: Desconocido
Publicado: [Santiago de Compostela] : Universidad de Santiago de Compostela, Departamento de Derecho Mercantil y del Trabajo ; [2008]
Madrid : Marcial Pons
Materias:
Acceso en línea:Acceso restringido

MARC

LEADER 00000ny aa2200000n 44500
005 20110224124142.0
008 020326s2001 sp s 000 0 spa c
020 |a 9788497685894 
035 |a 5259 
040 |a vlex 
090 |c 1425  |d 1425 
245 0 0 |a Actas de derecho industrial y derecho de autor.  |b Tomo XXVIII  |c Instituto de Derecho Industrial de la Universidad de Santiago de Compostela;  |h [Recurso electrn̤ico]  |p (2007) 
256 |a Servicio en ln̕ea 
260 |a [Santiago de Compostela] :  |b  Universidad de Santiago de Compostela, Departamento de Derecho Mercantil y del Trabajo ;  
260 |a Madrid :   |b Marcial Pons   |c [2008] 
300 |a 1592 p. 
506 1 |a Contenido solo disponible en los productos indicados  |d vLex Global  |d vLex Global (Academic Edition, excluding Law Schools)  |d vLex Global (U.S. Academic Edition, Law Schools)  |d vLex Global (U.S. Academic Edition, excluding Law Schools)  |d vLex Global (Academic Edition, Law Schools) 
650 0 7 |a Derecho industrial  |2 Tesauro vLex 
650 0 7 |a Industrias  |2 Tesauro vLex 
650 0 7 |a Propiedad industrial  |2 Tesauro vLex 
650 0 7 |a Derechos de autor  |2 Tesauro vLex 
650 0 7 |a Propiedad intelectual  |2 Tesauro vLex 
710 2 |a Universidad de Santiago de Compostela.  |b Instituto de Derecho Industrial  
740 0 |a vLex Libros (Servicios en ln̕ea) 
856 4 0 |u http://vlex.com/source/5259  |z Acceso restringido 
942 |c BOOK